Statistics for NBA 2k16 99 overall cards

Click here to take the quiz!

General Stats

  • This quiz has been taken 7,303 times
    (5,650 since last reset)
  • The average score is 5 of 5

Answer Stats

HintAnswer% Correct
team: warriorsStephen Curry
97%
team: cavaliersLebron James
96%
team: bullsMichael Jordan
95%
team: lakersKobe Bryant
84%
team: bucksKareem Abdul-Jabbar
79%

Score Distribution

Percentile by Number Answered

Percent of People with Each Score

Your Score History

You have not taken this quiz since the last reset